Best Selling NES Games - Statistics

General Stats
  • This quiz has been taken 198 times
  • The average score is 12 of 25
Answer Stats
Copies Sold Publisher Game % Correct
40.24M Nintendo Super Mario Bros.
99%
6.51M Nintendo The Legend of Zelda
90%
2.65M Nintendo Super Mario Bros. 2 (JP)
88%
18M Nintendo Super Mario Bros. 3
85%
7.46M Nintendo Super Mario Bros. 2 (US)
82%
28.3M Nintendo Duck Hunt
80%
2.73M Nintendo Metroid
72%
4.38M Nintendo Zelda II: The Adventure of Link
66%
5.58M Nintendo Tetris
63%
3.02M Nintendo Punch-Out!!
52%
4.16M Nintendo Excitebike
47%
4.85M Nintendo Dr. Mario
42%
2.28M Nintendo Mario Bros.
42%
2.17M Nintendo Tennis
37%
4.01M Nintendo Golf
36%
3.2M Nintendo Baseball
33%
4M Konami Teenage Mutant Ninja Turtles
33%
2.4M Enix Dragon Quest II
23%
3.89M Enix Dragon Quest III
22%
2.42M Nintendo Ice Hockey
19%
3.5M Nintendo Kung Fu
19%
3.18M Enix Dragon Quest IV
18%
2.4M Nintendo Pro Wrestling
16%
2.15M Nintendo Volleyball
9%
3.08M Nintendo World Class Track Meet
9%
No matching quizzes found
Score Distribution
Percent of People with Each Score
Percentile by Number Answered
Your Score History
You have not taken this quiz